MARC details
| 000 -LÍDER |
| campo de controle de tamanho fixo |
01402nam a2200325 4500 |
| 001 - NÚMERO DE CONTROLE |
| campo de controle |
452 |
| 003 - IDENTIFICADOR DO NÚMERO DE CONTROLE |
| campo de controle |
OSt |
| 005 - DATA E HORÁRIO DA ÚLTIMA TRANSAÇÃO |
| campo de controle |
20250701145127.0 |
| 008 - CAMPO DE DADOS FIXOS--INFORMAÇÃO GERAL |
| campo de controle de tamanho fixo |
250701b |||||||g |||| 00| j eng d |
| 020 ## - ISBN - INTERNATIONAL STANDARD BOOK NUMBER |
| ISBN - International Standard Book Number |
853251409 |
| 040 ## - FONTE DA CATALOGAÇÃO |
| Idioma da catalogação |
por |
| 041 ## - CÓDIGO DE IDIOMA |
| Código do idioma do original e/ou traduções intermediárias do texto |
eng |
| Código do idioma do texto/trilha sonora ou título diferente |
por |
| 082 ## - CDD - CLASSIFICAÇÃO DECIMAL DE DEWEY |
| Número de Classificação |
028.5 |
| Número do exemplar |
A649a |
| 100 1# - ENTRADA PRINCIPAL--NOME PESSOAL |
| Nome pessoal |
Applegate, Katherine. |
| Datas associadas ao nome |
1956 - |
| 240 ## - TÍTULO UNIFORME |
| Título uniforme |
Animorphs: the alien |
| 245 ## - TÍTULO |
| Título |
Animorphs: |
| Restante do título |
O andróide / |
| Indicação de responsabilidade, etc. |
Applegate, Katherine; Tradução de Regina Stela Braga |
| 260 ## - PUBLICAÇÃO, DISTRIBUIÇÃO, ETC. |
| Local de publicação, distribuição, etc. |
Rio de Janeiro |
| Nome do editor, distribuidor, etc. |
Rocco |
| Data da publicação, distribuição, etc. |
2002 |
| 300 ## - DESCRIÇÃO FÍSICA |
| Extensão |
147 p. |
| 520 ## - NOTA DE RESUMO, ETC. |
| Resumo, etc. |
Quando Marco reencontra seu velho amigo Erek não dá muita importância ao fato. Tem coisas mais importantes a fazer. Como ajudar a salvar o mundo. Mas desde que vê o amigo no meio dos garotos do The Sharing, começa a desconfiar que alguma coisa estranha está acontecendo. Então Marco, Jake e Ax decidem morfar a vigiá-lo para ver se ele havia sido enfestado com Yeerk. A boa notícia é que não se trata de um Controlador-humano. A má é que Erek também não é humano...<br/> |
| 650 #0 - ASSUNTO--TERMO TÓPICO |
| Cabeçalho tópico ou nome geográfico |
Literatura Americana |
| 9 (RLIN) |
84 |
| 650 #0 - ASSUNTO--TERMO TÓPICO |
| Cabeçalho tópico ou nome geográfico |
Invasão alienígena |
| 9 (RLIN) |
986 |
| 650 #0 - ASSUNTO--TERMO TÓPICO |
| Cabeçalho tópico ou nome geográfico |
Adolescentes como heróis |
| 9 (RLIN) |
987 |
| 650 #0 - ASSUNTO--TERMO TÓPICO |
| Cabeçalho tópico ou nome geográfico |
Infantojuvenil |
| 9 (RLIN) |
200 |
| 650 #0 - ASSUNTO--TERMO TÓPICO |
| Cabeçalho tópico ou nome geográfico |
Transformação em animais |
| 9 (RLIN) |
988 |
| 655 #0 - TERMO DE ÍNDICE--GÊNERO E FORMA |
| Gênero/forma/ou termo foco |
Romance |
| 655 #0 - TERMO DE ÍNDICE--GÊNERO E FORMA |
| Gênero/forma/ou termo foco |
Ficção |
| 700 ## - ENTRADA ADICIONADA - NOME PESSOAL |
| Nome pessoal |
Regina Stela Braga |
| Função do autor por extenso |
TRADUTOR |
| 9 (RLIN) |
989 |
| 830 ## - ENTRADA SECUNDÁRIA DE SÉRIE--TÍTULO UNIFORME |
| Título uniforme |
Animorphs |
| 9 (RLIN) |
985 |
| Número do volume ou designação sequencial da série |
vol. 10 |
| 942 ## - ELEMENTOS DE ENTRADA ADICIONADOS (KOHA) |
| Fonte de classificação ou esquema de arquivamento |
Classificação decimal de Dewey |
| Ocultar no OPAC |
Não |
| Tipo de material Koha |
Livros |